ENDİŞE AĞACI (Record no. 668045)

MARC details
000 -LEADER
sabit uzunluktaki kontrol alanı 00223nam a2200097Ia 4500
001 - KONTROL NUMARASI
kontrol alanı 668045
005 - EN SON İŞLEMİN TARİH VE ZAMANI
kontrol alanı 20250826160341.0
008 - SABİT-UZUNLUKTA VERİ ÖĞELERİ--GENEL BİLGİ
sabit uzunluktaki kontrol alanı 250824s9999 xx 000 0 und d
245 #0 - ESER / YAZAR
ESER ADI ENDİŞE AĞACI
Yazar Adı MARİANNE
260 ## - YAYIN, DAĞITIM, VB.
YAYIN EVİ ALTIN
Holdings
Düşüm durumu Kayıp durumu Hasar Durumu Ödünç verilmez Ana kütüphane Geçerli Kütüphane Edinilen tarih Toplam ödünç verme sayısı Barkod Son görüntüleme tarihi Son ödünç verme tarihi Fiyatın geçerli olmaya başladığı tarih Koha materyal türü
        ŞÜKRİYE ONSUN İLKOKULU ŞÜKRİYE ONSUN İLKOKULU 24.08.2025 2 101513 10.04.2026 27.03.2026 26.08.2025 Books